000 00726cam a22002533a 4500
001 14026
003 PGUSA
005 20140828083312.0
008 041111s2004||||xxu|||||s|||||000 | eng d
040 _aPGUSA
_beng
042 _adc
050 4 _aBX
100 1 _aSwedenborg, Emanuel,
_d1688-1772
245 1 0 _aSpiritual Life and the Word of God
_h[electronic resource] /
_cEmanuel Swedenborg
260 _bProject Gutenberg,
_c2004
506 _aPublic domain in the USA.
516 _aElectronic text
653 _aTen commandments
653 _aWord of God (Christian theology)
653 _aSpiritual life
830 0 _aProject Gutenberg
_v14026
856 4 0 _uhttp://www.gutenberg.org/ebooks/14026
942 _cEB
999 _c243281
_d243281